000
00263nam a22001217a 4500
003
OSt
008
250106b |||||||| |||| 00| 0 eng d
041
_a
eng
082
_a
332.4
100
_a
Crowther, Geoffrey
_9
6782
245
_a
An Outline of Money
942
_c
BK
999
_c
18936
_d
18936